<?xml version="1.0" encoding="UTF-8"?>
<record
    xmlns:xsi="http://www.w3.org/2001/XMLSchema-instance"
    xsi:schemaLocation="http://www.loc.gov/MARC21/slim http://www.loc.gov/standards/marcxml/schema/MARC21slim.xsd"
    xmlns="http://www.loc.gov/MARC21/slim">

  <leader>01897ngm a2200313 i 4500</leader>
  <controlfield tag="005">20220317000147.0</controlfield>
  <controlfield tag="007">vd cv|ius</controlfield>
  <controlfield tag="008">000030s2005    ck     j      s   vcspa d             spa</controlfield>
  <datafield tag="020" ind1=" " ind2=" ">
    <subfield code="a">9781563317109</subfield>
  </datafield>
  <datafield tag="020" ind1=" " ind2=" ">
    <subfield code="a">7705127003141</subfield>
  </datafield>
  <datafield tag="040" ind1=" " ind2=" ">
    <subfield code="a">CO-BoRNBP</subfield>
    <subfield code="b">spa</subfield>
    <subfield code="c">CO-BoRNBP</subfield>
    <subfield code="e">rda</subfield>
  </datafield>
  <datafield tag="041" ind1="0" ind2=" ">
    <subfield code="a">spa</subfield>
  </datafield>
  <datafield tag="082" ind1="0" ind2="4">
    <subfield code="a">599.75</subfield>
    <subfield code="b">D37g</subfield>
    <subfield code="2">23</subfield>
  </datafield>
  <datafield tag="110" ind1="2" ind2=" ">
    <subfield code="a">Discovery Communications</subfield>
    <subfield code="9">190130</subfield>
  </datafield>
  <datafield tag="245" ind1="1" ind2="0">
    <subfield code="a">Grandes felinos</subfield>
    <subfield code="c">Discovery Communications</subfield>
  </datafield>
  <datafield tag="250" ind1=" " ind2=" ">
    <subfield code="a">Primera edici&#xF3;n</subfield>
  </datafield>
  <datafield tag="264" ind1=" " ind2="1">
    <subfield code="a">Bogot&#xE1;</subfield>
    <subfield code="b">MS Tv &amp; Videos</subfield>
    <subfield code="c">2005</subfield>
  </datafield>
  <datafield tag="300" ind1=" " ind2=" ">
    <subfield code="a">1 DVD (48 minutos)</subfield>
    <subfield code="b">sonido, color, digital</subfield>
    <subfield code="c">19 cm</subfield>
  </datafield>
  <datafield tag="336" ind1=" " ind2=" ">
    <subfield code="2">rdacontent</subfield>
    <subfield code="a">imagen en movimiento bidimensional </subfield>
    <subfield code="b">tdi</subfield>
  </datafield>
  <datafield tag="337" ind1=" " ind2=" ">
    <subfield code="2">rdamedia</subfield>
    <subfield code="a">video</subfield>
    <subfield code="b">v</subfield>
  </datafield>
  <datafield tag="338" ind1=" " ind2=" ">
    <subfield code="2">rdacarrier</subfield>
    <subfield code="a">videodisco</subfield>
    <subfield code="b">vd</subfield>
  </datafield>
  <datafield tag="490" ind1="0" ind2=" ">
    <subfield code="a">Discovery Channel en la escuela</subfield>
  </datafield>
  <datafield tag="520" ind1=" " ind2=" ">
    <subfield code="a">Investigaciones arqueol&#xF3;gicas demuestran que los primeros humanos tuvieron una estrecha relaci&#xF3;n con los felinos primigenios, ya que {82}stos hicieron un aporte permanente a la evoluci&#xF3;n del hombre, cuando este comenz&#xF3; a usar los colmillos de los felinos, entre otras cosas para la caza. Adem&#xE1;s desde siempre, el hombre se ha fascinado por las pieles, las melenas y los huesos de estos magn&#xED;ficos animales. Asombrosas im&#xE1;genes, tanto antiguas como contempor&#xE1;neas muestran a los grandes felinos en su h&#xE1;bitat natural, su h&#xE1;bitos sociales y alimenticios, familiares y anat&#xF3;micos. As&#xED; mismo las incre&#xED;bles im&#xE1;genes que se muestran en este documental, analizan las diferentes caracter&#xED;sticas, as&#xED; como la variedad de tama&#xF1;os y pieles, su relaci&#xF3;n con la presa y como pasan de victimarios a v&#xED;ctimas en sus entornos con el hombre</subfield>
  </datafield>
  <datafield tag="521" ind1=" " ind2=" ">
    <subfield code="a">Recomendado  desde los 15 a&#xF1;os</subfield>
  </datafield>
  <datafield tag="650" ind1="1" ind2="7">
    <subfield code="a">Animales predadores</subfield>
    <subfield code="x">H&#xE1;bitos y conducta</subfield>
    <subfield code="v">DVD</subfield>
    <subfield code="2">ARMARC</subfield>
  </datafield>
  <datafield tag="650" ind1="1" ind2="7">
    <subfield code="a">Leones</subfield>
    <subfield code="x">H&#xE1;bitos y conducta</subfield>
    <subfield code="v">DVD</subfield>
    <subfield code="2">ARMARC</subfield>
  </datafield>
  <datafield tag="650" ind1="1" ind2="7">
    <subfield code="a">Tigres</subfield>
    <subfield code="x">H&#xE1;bitos y conducta</subfield>
    <subfield code="v">DVD</subfield>
    <subfield code="2">ARMARC</subfield>
  </datafield>
  <datafield tag="942" ind1=" " ind2=" ">
    <subfield code="2">ddc</subfield>
    <subfield code="c">DVD</subfield>
  </datafield>
  <datafield tag="999" ind1=" " ind2=" ">
    <subfield code="c">3268</subfield>
    <subfield code="d">3268</subfield>
  </datafield>
</record>
